LEADER 05807 am 2201417 n 450 001 9910558700403321 005 20230920135319.0 010 $a2-35668-166-3 024 7 $a10.4000/books.momeditions.13617 035 $a(CKB)4100000012873093 035 $a(FrMaCLE)OB-momeditions-13617 035 $a(oapen)https://directory.doabooks.org/handle/20.500.12854/84069 035 $a(PPN)262738805 035 $a(EXLCZ)994100000012873093 100 $a20220414j|||||||| ||| 0 101 0 $afre 135 $auu||||||m|||| 181 $ctxt$2rdacontent 182 $cc$2rdamedia 183 $acr$2rdacarrier 200 10$aKition-Bamboula VIII $eLe port de guerre de Kition /$fOlivier Callot, Sabine Fourrier, Marguerite Yon 210 $aLyon $cMOM Éditions$d2022 215 $a1 online resource (336 p.) 225 1 $aArchéologie(s) 311 $a2-35668-076-4 330 $aDe 1984 à 1999, la mission archéologique française de Kition, dirigée par Marguerite Yon, a conduit des fouilles extensives au nord du sanctuaire de Bamboula. Ces fouilles ont révélé les restes d?un hangar à trières d?époque classique, parmi les mieux conservés en Méditerranée, qui ouvrait au nord sur un bassin portuaire fermé. Cet ouvrage propose une étude détaillée et transversale de cette découverte exceptionnelle : le bâtiment est replacé dans son paléoenvironnement (à l?échelle locale et régionale), ses différentes phases d?utilisation sont datées, son architecture est soigneusement décrite et restituée pour les parties manquantes (élévation). On interprète enfin l?importance de ce port militaire dans l?histoire de Kition, de Chypre et de la Méditerranée orientale, à l?époque du royaume classique (IVe siècle av. J.-C.) et au début de l?époque hellénistique. Le volume est complété par une étude du mobilier céramique d?époque impériale découvert dans le comblement du bassin. Les archives de la fouille sont consultables en accès libre sur le portail chypre.mom.fr. From 1984 to 1999, the French archaeological mission of Kition, under the supervision of Marguerite Yon, conducted extensive excavations to the north of the Bamboula sanctuary. These excavations revealed the remains of shipsheds of the Classical period, among the best preserved in the Mediterranean, which opened to the north on a closed harbour basin. This book offers a detailed and cross-cutting study of this outstanding discovery: the building is contextualized in its paleoenvironment (both at the local and regional levels), the chronology of its different phases is established, its architecture is carefully described and restored for the missing parts (superstructure). Finally, we assess the importance of this military harbour for the history of Kition, Cyprus and the Eastern Mediterranean, at the time of the Classical kingdom (4th century BC) and at the beginning of the Hellenistic period. The? 606 $aArchaeology 606 $aarchéologie 606 $aarchitecture 606 $aBamboula 606 $acéramique 606 $agéomorphologie 606 $ahangar à trières 606 $ahistoire ancienne 606 $aKition 606 $aniveau marin 606 $apériode chypro-classique 606 $apériode hellénistique 606 $apériode romaine 606 $aPhénicien 606 $aport 606 $atrait de côte 606 $atrières 606 $aChypre 606 $aancient history 606 $aarchaeology 606 $aceramics 606 $aCypro-Classical period 606 $acoastline 606 $ageomorphology 606 $aharbour 606 $aHellenistic period 606 $aPhoenician 606 $aRoman period 606 $asea level 606 $ashipsheds 606 $atriremes 606 $aCyprus 610 $aancient history 610 $aarchaeology 610 $aarchitecture 610 $aBamboula 610 $aceramics 610 $aCypro-Classical period 610 $acoastline 610 $ageomorphology 610 $aharbour 610 $aHellenistic period 610 $aKition 610 $aPhoenician 610 $aRoman period 610 $asea level 610 $ashipsheds 610 $atriremes 610 $aCyprus 615 4$aArchaeology 615 4$aarchéologie 615 4$aarchitecture 615 4$aBamboula 615 4$acéramique 615 4$agéomorphologie 615 4$ahangar à trières 615 4$ahistoire ancienne 615 4$aKition 615 4$aniveau marin 615 4$apériode chypro-classique 615 4$apériode hellénistique 615 4$apériode romaine 615 4$aPhénicien 615 4$aport 615 4$atrait de côte 615 4$atrières 615 4$aChypre 615 4$aancient history 615 4$aarchaeology 615 4$aceramics 615 4$aCypro-Classical period 615 4$acoastline 615 4$ageomorphology 615 4$aharbour 615 4$aHellenistic period 615 4$aPhoenician 615 4$aRoman period 615 4$asea level 615 4$ashipsheds 615 4$atriremes 615 4$aCyprus 700 $aCabella$b Roberto$01292538 701 $aCallot$b Olivier$0487993 701 $aCapelli$b Claudio$01292539 701 $aColin$b Sylvain$01292540 701 $aDalongeville$b Rémi$01292541 701 $aFourrier$b Sabine$0600116 701 $aGoiran$b Jean?Philippe$01292542 701 $aMarquié$b Sandrine$01292543 701 $aYon$b Marguerite$0206636 801 0$bFR-FrMaCLE 906 $aBOOK 912 $a9910558700403321 996 $aKition-Bamboula VIII$93022376 997 $aUNINA LEADER 03725nam 2200709z- 450 001 9910566465803321 005 20220506 035 $a(CKB)5680000000037722 035 $a(oapen)https://directory.doabooks.org/handle/20.500.12854/80974 035 $a(oapen)doab80974 035 $a(EXLCZ)995680000000037722 100 $a20202205d2022 |y 0 101 0 $aeng 135 $aurmn|---annan 181 $ctxt$2rdacontent 182 $cc$2rdamedia 183 $acr$2rdacarrier 200 00$aRobotic Platforms for Assistance to People with Disabilities 210 $aBasel$cMDPI - Multidisciplinary Digital Publishing Institute$d2022 215 $a1 online resource (130 p.) 311 08$a3-0365-3677-9 311 08$a3-0365-3678-7 330 $aPeople with congenital and/or acquired disabilities constitute a great number of dependents today. Robotic platforms to help people with disabilities are being developed with the aim of providing both rehabilitation treatment and assistance to improve their quality of life. A high demand for robotic platforms that provide assistance during rehabilitation is expected because of the health status of the world due to the COVID-19 pandemic. The pandemic has resulted in countries facing major challenges to ensure the health and autonomy of their disabled population. Robotic platforms are necessary to ensure assistance and rehabilitation for disabled people in the current global situation. The capacity of robotic platforms in this area must be continuously improved to benefit the healthcare sector in terms of chronic disease prevention, assistance, and autonomy. For this reason, research about human-robot interaction in these robotic assistance environments must grow and advance because this topic demands sensitive and intelligent robotic platforms that are equipped with complex sensory systems, high handling functionalities, safe control strategies, and intelligent computer vision algorithms. This Special Issue has published eight papers covering recent advances in the field of robotic platforms to assist disabled people in daily or clinical environments. The papers address innovative solutions in this field, including affordable assistive robotics devices, new techniques in computer vision for intelligent and safe human-robot interaction, and advances in mobile manipulators for assistive tasks. 606 $aHumanities$2bicssc 606 $aSocial interaction$2bicssc 610 $aassistive robotics 610 $abrain-machine interfaces 610 $acollaborative robots 610 $adialogue system 610 $aEEG 610 $aelectronic platform 610 $aexoskeleton 610 $ahand motor rehabilitation 610 $ahand pose 610 $ahuman pose estimation 610 $ahuman-robot interaction 610 $aknowledge graph 610 $amachine learning 610 $amotor imagery 610 $amultimodal interfaces 610 $an/a 610 $anavigation system 610 $aNLP 610 $aphysical human-robot interaction 610 $areasoning 610 $arobotic exoskeleton 610 $arobotic rehabilitation 610 $asEMG 610 $asensors 610 $asocial robot 610 $avisually impaired assistance 610 $awearables 615 7$aHumanities 615 7$aSocial interaction 700 $aJara$b Carlos A$4edt$01309568 702 $aCorrales Ramo?n$b Juan Antonio$4edt 702 $aJara$b Carlos A$4oth 702 $aCorrales Ramo?n$b Juan Antonio$4oth 906 $aBOOK 912 $a9910566465803321 996 $aRobotic Platforms for Assistance to People with Disabilities$93029399 997 $aUNINA